From space to time (Record no. 70385)
[ view plain ]
| 000 -LEADER | |
|---|---|
| fixed length control field | 01630nam a2200409Ia 4500 |
| 082 04 - DEWEY DECIMAL CLASSIFICATION NUMBER | |
| Classification number | 497/.454 |
| 100 1# - MAIN ENTRY--AUTHOR NAME | |
| Personal name | Casad, Eugene H. |
| 245 10 - TITLE STATEMENT | |
| Title | From space to time |
| 260 ## - PUBLICATION, DISTRIBUTION, ETC. (IMPRINT) | |
| Place of publication | Amsterdam ; |
| -- | Philadelphia : |
| Name of publisher | John Benjamins Pub. Co., |
| Year of publication | 2012. |
| 300 ## - PHYSICAL DESCRIPTION | |
| Number of Pages | xviii, 263 p. |
| 490 0# - SERIES STATEMENT | |
| Series statement | Human cognitive processing ; |
| 650 #0 - SUBJECT ADDED ENTRY--TOPICAL TERM | |
| Topical Term | Cora language |
| Topical Term | Space and time in language. |
| Topical Term | Linguistic analysis (Linguistics) |
| Topical Term | Cognitive grammar. |
| 700 1# - ADDED ENTRY--PERSONAL NAME | |
| Personal name | Panther, Klaus-Uwe, |
| Personal name | Thornburg, Linda L. |
| 856 40 - ELECTRONIC LOCATION AND ACCESS | |
| Uniform Resource Identifier | http://site.ebrary.com/lib/rucke/Doc?id=10631231 |
No items available.
